000 00906nam a2200241Ia 4500
003 GCL
008 140319s9999 xx 000 0 ara d
040 _aGCL /
_cGCL
082 0 4 _a956.96
_bج ف
100 1 _aجمعية المقاصد الخيرية الاسلامي
245 1 0 _aفلسطين تاريخيا وقضيها: المرحلة المتوسطة /
_cجمعية المقاصد الخيرية الاسلامي
260 _a[S.N] :
_bمؤسسة الدراسات الفلسطينية ،
_c1987
300 _a39
490 _aفلسطين : تاريخها قضية سلسلة كتب مدرسية
_v0
650 0 4 _aالنزاع العربى الاسرائيلى
650 0 4 _aالاطفال
650 0 4 _aفلسطين
650 0 4 _aالقضية الفلسطينية
650 0 4 _aقصص الاطفال
650 0 4 _aالصهيونية
650 0 4 _aالانتفاضة
942 _2ddc
_cBK
999 _c56237
_d56237